01417cam a22003255a 4500999001700000005001700017008004100034020001500075020001500090020001800105040005600123082002600179100002500205245013900230250001200369260004400381300003400425504005100459520023700510541001900747650003100766650003000797650002900827650003000856650003200886651001000918653003000928942000800958952012500966 c27416d2738720190519091637.0920730s1992 enka frb 001 0 eng d a041506743X a0415067448 a9780415067447 aDNLM/DLCbengcDLCdDLCdWaSeSSdEG-ScBUEdEG-ScBUE04a616.85270651bWIL2221 aWilliams, J. Mark G.14aThe psychological treatment of depression :ba guide to the theory and practice of cognitive behaviour therapy /cJ. Mark G. Williams. a2nd ed. aLondon ;aNew York :bRoutledge,c1992. axiv, 291 p. :bill. ;c24 cm. aIncludes bibliographical references and index. aA practical guide to the wide range of cognitive behavioural therapy techniques used in the assessment and treatment of depression, describing them in usable detail and setting them in the context of current theories of depression.  aDr. Shahazad ; 7aDepression, Mental.2BUEsh 7aCognitive therapy.2BUEsh 7aBehavior Therapy.2BUEsh 7aCognitive Therapy.2BUEsh 7aDepressionxtherapy.2BUEsh 2BUEsh bHHUUPPSSbGGENcApril2019 2ddc 00102ddc40708unknownaMAINbMAINc1STd2019-04-23eDonationl0o616.85270651 WILp000043521r2025-07-15 00:00:00yBB